Fascismo. Historia e interpretación.

保存先:
書誌詳細
第一著者: Gentile, Emilio (autor)
その他の著者: Domínguez, Carmen (traducción)
フォーマット: 不明
言語:英語
出版事項: Madrid, España: Alianza, 2004
版:Primera edición
主題:
タグ: タグ追加
タグなし, このレコードへの初めてのタグを付けませんか!

MARC

LEADER 00000 a2200000 4500
003 CL-VaPUC
005 20220708094302.0
008 220301b2004 ||||| |||| 00| 0 eng d
999 |c 434618  |d 434616 
020 |a 978-84-206-4594-0 
040 |c Pontificia Universidad Católica de Valparaíso 
082 |a 320.533 GEN 2004   |2 22 
100 1 |a Gentile, Emilio  |9 501196  |e autor 
245 |a Fascismo.   |b Historia e interpretación. 
250 |a Primera edición 
260 |a Madrid, España:  |b Alianza,  |c 2004 
300 |a 325 páginas 
583 |k Sebastián Perez  |c 20220301 
650 0 |a Fascismo  |9 255687  |z Italia   |y Historia 
651 0 |a Italia  |9 254949  |x Política y gobierno  |y 1922-1945 
651 0 |a Italia  |9 254949  |x Historia   |y 1922-1945. 
700 |a Domínguez, Carmen  |e traducción  |9 866798 
942 |2 ddc  |c BK 
952 |0 0  |1 0  |2 ddc  |4 0  |6 320_533000000000000_GEN_2004  |7 0  |8 A  |9 581557  |a BIBHIS  |b BIBHIS  |c GEN  |d 2022-03-01  |e 3  |g 34044.00  |i 5647738  |l 5  |m 1  |o 320.533 GEN 2004  |p 5647738  |r 2025-01-20  |s 2024-11-12  |t 1  |v 34044.00  |w 2022-03-01  |y BK  |k HIS